000 00533nam a2200205Ia 4500
005 20250508165126.0
008 008 250505s9999 xx 000 0 eng d
020 _a81-89524-01-1
037 _aTextual
040 _aFEDL
_beng
_cFEDL
041 _aeng
_2eng
084 _a294.3, AMB
_qFEDL
100 _aAmbedkar B R
_9388945
245 0 _aBuddha or Karl Marx
260 _aNew Delhi, India
_bCritical Quest
300 _a32p.
365 _aINR
_b20
942 _cTEXL
_h294.3, AMB
999 _c1393284
_d1393284